000 02714cam a22006734i 4500
003 PE-LiUPU
005 20250731170456.0
008 150706s2010 mx a rb 000 0 spa d
020 _a9786071705792
035 _a(Sirsi) i9786071705792
040 _aPE-LiUPU
_bspa
_cPE-LiUPU
_erda
049 _aPRUA
082 0 4 _a155.4124
_bG25
_221
100 1 _aGarDo, Karla,
_eautor.
245 1 0 _aGuía práctica para fortalecer la inteligencia emocional en el niño /
_cKarla GarDo.
264 1 _aMéxico, D.F. :
_bTrillas,
_c2010.
300 _a118 páginas :
_bilustraciones ;
_c23 centímetros
336 _atext
_2rdacontent
337 _aunmediated
_2rdamedia
338 _avolume
_2rdacarrier
500 _a"El secreto de yolican". Cover.
504 _aIncluye bibliografía.
505 0 _a¿Por qué fortalecer la inteligencia emocional en los niños? -- La inteligencia emocional -- El impacto social de la inteligencia emocional -- Guía práctica para fortalecer la inteligencia emocional con la argumentación Reflexiones -- Proyecto alternativo: yolican -- El yolican :un cuento para Enrique -- sugerencias y recomendaciones.
526 _aSEG68
526 _aSEG70
526 _aSEG69
526 _aSEG67
526 _aSEG43
526 _aP144
526 _aP143
526 _aP131
526 _aP122
526 _aP120
526 _aP117
526 _aP112
526 _aP110
526 _aP106
526 _aP101
526 _aP80
526 _aP59
526 _aP54
526 _aP35
526 _aP33
526 _aP30
541 _g001-0037437;
541 _g001-0037437;
650 0 4 _aNiños
_xInteligencia emocional.
650 0 4 _aCognición.
_91884
650 0 4 _aProblemas emocionales de niños.
650 0 4 _aMadurez emocional.
910 _agl
_cng
_d20130701
942 _2ddc
_cBOOK
949 _a155.4124 G25
_wDEWEY
_c1
_i67779
_lCCODEBUL1
_mBUL
_p12.00
_r0
_sY
_tBOOK
_u2015-7-6
_xSALUD
_PP33
_o.STAFF. Colección General
949 _a155.4124 G25
_wDEWEY
_c2
_i67780
_lCCODEBUL1
_mBUL
_p12.00
_r0
_sY
_tBOOK
_u2015-7-6
_xSALUD
_PP33
_o.STAFF. Colección General
994 _aC0
_bPEPRU
596 _a1
999 _a155.4124 G25
_wDEWEY
_c55317
_i67779
_d55317
_e2017-9-14
_f2021-12-7
_g5
_lCCODEBUL1
_mBUL
_n5
_p12.00
_q1
_r0
_sY
_tBOOK
_u2015-7-6
_xSALUD
_PP33
_0COMPRA
_o.STAFF. Colección Ciencias de la Salud
999 _a155.4124 G25
_wDEWEY
_c2
_i67780
_d2019-1-24
_e2019-1-22
_f2021-11-3
_g5
_lCCODEBUL1
_mBUL
_n5
_p12.00
_q1
_r0
_sY
_tBOOK
_u2015-7-6
_xSALUD
_PP33
_0COMPRA
_o.STAFF. Colección Ciencias de la Salud
980 _81
_gALBERTO SANCHEZ Responsable de Automatización